Informační diagnostické systémy v logistice

Základná štruktúra a princíp činnosti informačných diagnostických systémov. Technická realizácia a klasifikácia. Praktické využitie informačných diagnostických systémov v logistických reťazcoch.

Salvato in:
Dettagli Bibliografici
Autore principale: Lánský, M.
Natura: Capitolo di libro
Lingua:ceco
Soggetti:
Tags: Aggiungi Tag
Nessun Tag, puoi essere il primo ad aggiungerne!!

MARC

LEADER 00000naa a2200000 4500
001 r019373
005 20221205102225.2
041 0 |a cze 
044 |a CZ 
245 1 0 |a Informační diagnostické systémy v logistice  |c M. Lánský 
520 |a Základná štruktúra a princíp činnosti informačných diagnostických systémov. Technická realizácia a klasifikácia. Praktické využitie informačných diagnostických systémov v logistických reťazcoch. 
610 2 0 |a logistika 
610 2 0 |a systémy informačné 
610 2 0 |a reťazce logistické 
610 2 0 |a klasifikácia 
100 1 |a Lánský, M.